000 01667nam a2200325 a 4500
001 BRCA_3199
005 20190320204147.0
008 180209s1733----enka---###---#000-0#eng-u
041 _aeng
044 _aenk
084 _a501
_b.H93
_c1733
100 1 _aCervantes Saavedra, Miguel de
_d1547-1616
_9213
245 1 0 _aThe History of the Valorous and Witty Knight-Errant Don Quixote of the Mancha
_cWritten in Spanish by Michael Cervantes ; Translated into English by Mr. Shelton, and Mr. Blunt.
260 _aDublin
_bS. Hyde : J. Dobson
_c1733
300 _a4 v.
_bil.
_c18 cm.
_eláminas plegables
500 _aContenido : v 1. Primera parte. Prefacio de los editores. Texto. -- v 2. Texto. -- v 3. Segunda parte. Texto. -- v 4. Texto
500 _aEdición : And Now Print from the Quarto Edition of 1620. With a Curious Sett of Cutts from the French of Coypel and Several Annotations and Amendments, not in any Former Edition
500 _aReimpresión de la traducción de Shelton de 1620, revisada y corregida por Blunt, precedida de un prólogo. Va adornada con dibujos de Coypel. Piel; lomos decorados con dorados Lúdovik Osterc
500 _aQM720
546 _aTexto en : inglés
650 1 4 _aNovela española
_yÉpoca clásica, 1500-1700
_9215
650 1 4 _aLiteratura española
_yÉpoca clásica, 1500-1700
_9216
650 1 4 _aNovela española
_ySiglo XVII
_9217
650 1 4 _aDon Quijote (Personaje ficticio)
_eNovela
_9218
700 1 _aShelton, Thomas
_d?-1626
_eTraductor
_98571
700 1 _aCoypel, Charles-Antone
_d1694-1752
_eIlustrador
_98572
740 0 _aEl Ingenioso Hidalgo Don Quijote de la Mancha
902 _aQFM
942 _2lcc
_cB
999 _c2935
_d2935